000 00293nam a22001337a 4500
008 171012b xxu||||| |||| 00| 0 eng d
020 _a9780205191475
041 _aeng
080 _28 ED
_a316
100 _a50
101 _aSOC
245 _aTHE FAMILY
_cESHLEMAN.I.R
942 _2udc
_cBK
999 _c33490
_d33490